[Event "9ème Open International de Rouen"]
[Site "Hôtel de Région - 76000 Rouen"]
[Date "2016.12.17"]
[Round "1.1"]
[White "Serano, Vincent"]
[Black "Shchekachev, Andrei"]
[Result "0-1"]
[WhiteElo "1705"]
[BlackElo "2554"]
[PlyCount "46"]
[EventDate "2016.??.??"]

1. d4 Nf6 2. c4 e6 3. Nc3 Bb4 4. Bg5 c5 5. Nf3 cxd4 6. Nxd4 a6 7. g3 Bxc3+
8. bxc3 Qa5 9. Bd2 O-O 10. Bg2 d6 11. O-O Nbd7 12. Qc2 Qc7 13. Rab1 Qxc4
14. Rb4 Qc7 15. Rfb1 Rb8 16. Nf3 Re8 17. Rh4 Nf8 18. Rbb4 e5 19. Ng5 d5 20. Bh3
Ng6 21. Nxh7 Nxh7 22. Bf5 Bxf5 23. Qxf5 Qc8 0-1

[Event "9ème Open International de Rouen"]
[Site "Hôtel de Région - 76000 Rouen"]
[Date "2016.12.17"]
[Round "1.2"]
[White "Le Roux, Jean-Pierre"]
[Black "Dubois, Benjamin"]
[Result "1-0"]
[WhiteElo "2552"]
[BlackElo "1666"]
[PlyCount "63"]
[EventDate "2016.??.??"]

1. Nf3 d6 2. d4 Nf6 3. g3 Nbd7 4. Bg2 e5 5. c4 Be7 6. Nc3 c6 7. Qc2 Qc7 8. O-O
Nb6 9. c5 dxc5 10. dxe5 Nfd5 11. Ne4 Nb4 12. Qb1 Bg4 13. Bf4 Bxf3 14. Bxf3 N4d5
15. Nd6+ Bxd6 16. exd6 Qd7 17. Qe4+ Qe6 18. Qxe6+ fxe6 19. Be5 Nf6 20. Rac1
Nbd7 21. Bc3 Rf8 22. e4 g6 23. Bg2 O-O-O 24. f4 Rde8 25. e5 Nd5 26. Bd2 N7b6
27. Rxc5 Kd7 28. Rcc1 Rf7 29. a4 Ref8 30. a5 Na4 31. b3 Nb2 32. Be4 1-0

[Event "9ème Open International de Rouen"]
[Site "Hôtel de Région - 76000 Rouen"]
[Date "2016.12.17"]
[Round "1.4"]
[White "Okhotnik, Vladimir"]
[Black "Dorin, Herve"]
[Result "1-0"]
[WhiteElo "2429"]
[BlackElo "1620"]
[PlyCount "57"]
[EventDate "2016.??.??"]

1. e4 d5 2. exd5 Qxd5 3. Nc3 Qd8 4. d4 Nf6 5. Bd3 e6 6. Nf3 Bb4 7. O-O Bxc3
8. bxc3 Nc6 9. Qe2 O-O 10. Bg5 Re8 11. Rab1 a6 12. Rfe1 Qe7 13. Ne5 h6 14. Nxc6
bxc6 15. Bxf6 Qxf6 16. Qe4 Bd7 17. Rb7 Rec8 18. h4 g6 19. h5 Qg5 20. hxg6 f5
21. Qe5 Qxg6 22. Re3 Kf7 23. Bxf5 Qf6 24. Bxe6+ Qxe6 25. Rf3+ Kg8 26. Rg3+ Qg4
27. Rxg4+ Bxg4 28. Qg3 h5 29. f3 {et gain Blanc au 35ème coup.} 1-0

[Event "9ème Open International de Rouen"]
[Site "Hôtel de Région - 76000 Rouen"]
[Date "2016.12.17"]
[Round "1.5"]
[White "Martine, Valentin"]
[Black "Legky, Nikolay A"]
[Result "0-1"]
[WhiteElo "1619"]
[BlackElo "2425"]
[PlyCount "46"]
[EventDate "2016.??.??"]

1. c4 g6 2. Nc3 Bg7 3. g3 d6 4. Bg2 Nf6 5. Nf3 O-O 6. O-O e5 7. d3 Re8 8. Qc2
Nc6 9. e4 Nh5 10. Re1 f5 11. exf5 gxf5 12. Ng5 Nf6 13. f4 Nd4 14. Qd1 c6
15. Ne2 Ne6 16. Nxe6 Bxe6 17. b4 Qb6+ 18. Kh1 Ng4 19. Rf1 Nf2+ 20. Rxf2 Qxf2
21. Rb1 e4 22. dxe4 Bxc4 23. Ng1 Bxa2 0-1

[Event "9ème Open International de Rouen"]
[Site "Hôtel de Région - 76000 Rouen"]
[Date "2016.12.17"]
[Round "1.6"]
[White "Neiman, Emmanuel"]
[Black "Heckly, Jean-Louis"]
[Result "1-0"]
[WhiteElo "2274"]
[BlackElo "1606"]
[PlyCount "123"]
[EventDate "2016.??.??"]

1. d4 Nf6 2. c4 c5 3. d5 b5 4. Nf3 bxc4 5. Nc3 d6 6. e4 g6 7. Bxc4 Bg7 8. O-O
O-O 9. h3 Nbd7 10. Re1 Nb6 11. Bf1 Rb8 12. Bf4 Nbd7 13. Qc2 Nh5 14. Be3 Ne5
15. Nd2 f5 16. f4 Nf7 17. Kh2 fxe4 18. Be2 Nf6 19. g4 Nxd5 20. Nxd5 Rxb2
21. Qc1 e6 22. Nc3 Rb6 23. Ncxe4 Ba6 24. Nc4 Bxc4 25. Bxc4 d5 26. Be2 dxe4
27. Bxc5 Bxa1 28. Qxa1 Qc7 29. Be3 Rc6 30. Qd4 Nd6 31. Qe5 Nc4 32. Qxc7 Rxc7
33. Bd4 Nd6 34. Kg3 Rfc8 35. Be5 Rc6 36. Rd1 Nc4 37. Bf6 Nb6 38. Be5 Rc2
39. Ba6 Re8 40. Bb5 Rec8 41. a4 Ra2 42. Re1 Nxa4 43. Bd7 Rcc2 44. Bxe6+ Kf8
45. Bd6+ Kg7 46. Be5+ Kf8 47. Bxa2 Rxa2 48. Rxe4 Nb6 49. Bd6+ Kg8 50. Re8+ Kf7
51. Re7+ Kg8 52. Be5 Nc4 53. Rg7+ Kf8 54. Rxh7 Nxe5 55. fxe5 a5 56. Kf4 a4
57. Kg5 a3 58. Ra7 Ra1 59. Kf6 Rf1+ 60. Kxg6 Rf3 61. h4 Re3 62. h5 1-0

[Event "9ème Open International de Rouen"]
[Site "Hôtel de Région - 76000 Rouen"]
[Date "2016.12.17"]
[Round "1.7"]
[White "Blasco, David"]
[Black "Bordais, Benjamin"]
[Result "0-1"]
[WhiteElo "1596"]
[BlackElo "2119"]
[PlyCount "100"]
[EventDate "2016.??.??"]

1. e4 c6 2. d4 d5 3. e5 g6 4. Nc3 Bg7 5. f4 h5 6. Nf3 Nh6 7. Bd3 Bf5 8. Nh4 e6
9. Nxf5 Nxf5 10. Bxf5 gxf5 11. h4 Nd7 12. Ne2 Qe7 13. c3 O-O-O 14. a4 f6 15. a5
fxe5 16. fxe5 Bh6 17. b4 Rhg8 18. g3 Bxc1 19. Qxc1 Rg4 20. Qb2 Re4 21. b5 c5
22. Kd2 Rg8 23. Rhg1 Qf8 24. Rae1 Qh6+ 25. Kd1 Qe3 26. Qd2 Rgg4 27. Qxe3 Rxe3
28. Nf4 cxd4 29. Nxe6 Rd3+ 30. Kc2 Rxc3+ 31. Kb2 Re4 32. Nxd4 Rc4 33. Nxf5 Rb4+
34. Kc2 Rec4+ 35. Kd3 Nc5+ 36. Ke2 Rc2+ 37. Kf3 Kd7 38. Rb1 Re4 39. Rge1 Ke6
40. Ng7+ Kxe5 41. Nxh5 Rc3+ 42. Kg2 Nd3 43. Rxe4+ dxe4 44. b6 a6 45. Rf1 Rc2+
46. Kg1 e3 47. Nf4 Ke4 48. h5 Ne5 49. Rd1 Nf3+ 50. Kf1 Rf2# 0-1

[Event "9ème Open International de Rouen"]
[Site "Hôtel de Région - 76000 Rouen"]
[Date "2016.12.17"]
[Round "1.8"]
[White "Albaric, Etienne"]
[Black "Bureau-Leroyer, Lola"]
[Result "1-0"]
[WhiteElo "2098"]
[BlackElo "1595"]
[PlyCount "47"]
[EventDate "2016.??.??"]

1. e4 c6 2. Nc3 d5 3. d4 g6 4. h3 Bg7 5. Nf3 dxe4 6. Nxe4 Nh6 7. Bf4 Nf5 8. c3
Qd5 9. Bd3 Nd7 10. O-O O-O 11. g4 Nd6 12. Nxd6 exd6 13. c4 Qe6 14. Re1 Ne5
15. dxe5 d5 16. Qe2 Qd7 17. cxd5 Qxd5 18. Bc4 Qd7 19. Ng5 Qd4 20. Bg3 b6
21. Rad1 Qc5 22. Ne4 Qe7 23. e6 f5 24. Bd6 1-0

[Event "9ème Open International de Rouen"]
[Site "Hôtel de Région - 76000 Rouen"]
[Date "2016.12.17"]
[Round "1.9"]
[White "Roussel, Maxime"]
[Black "Adyel, Samir"]
[Result "1/2-1/2"]
[WhiteElo "1587"]
[BlackElo "2076"]
[PlyCount "97"]
[EventDate "2016.??.??"]

1. d4 Nf6 2. Nf3 g6 3. e3 Bg7 4. Bd3 d6 5. Nbd2 c6 6. O-O Nbd7 7. e4 Qc7
8. Re1 e5 9. c3 O-O 10. a4 Re8 11. Nc4 h6 12. Bc2 Bf8 13. h3 b5 14. axb5 cxb5
15. Na5 Bb7 16. d5 Nb6 17. Bd3 a6 18. Be3 Bc8 19. Nd2 Na4 20. Qc2 Bd7 21. Nab3
Nc5 22. Nxc5 dxc5 23. c4 b4 24. Rf1 Nh5 25. g4 Nf4 26. Bxf4 exf4 27. Nf3 Bg7
28. Ra2 a5 29. b3 Reb8 30. Nd2 Qc8 31. Re1 Qe8 32. e5 a4 33. e6 axb3 34. exf7+
Qxf7 35. Nxb3 Bc3 36. Bxg6 Qg7 37. Rxa8 Rxa8 38. Re2 Ra3 39. Nxc5 f3 40. Bh7+
Kh8 41. Nxd7 fxe2 42. Qxe2 Ra1+ 43. Kg2 Qxh7 44. Qe8+ Qg8 45. Qh5 Qg7 46. Qe8+
Qg8 47. Qh5 Ra7 48. Qxh6+ Qh7 49. Qf8+ 1/2-1/2

[Event "9ème Open International de Rouen"]
[Site "Hôtel de Région - 76000 Rouen"]
[Date "2016.12.17"]
[Round "1.10"]
[White "Martine, Jean-Christophe"]
[Black "Julien, Franck"]
[Result "1-0"]
[WhiteElo "2075"]
[BlackElo "1569"]
[PlyCount "55"]
[EventDate "2016.??.??"]

1. d4 Nf6 2. Nd2 g6 3. e4 d6 4. Ngf3 Bg7 5. Bd3 O-O 6. O-O c5 7. c3 cxd4
8. cxd4 Bd7 9. Re1 Nc6 10. Nb3 Rc8 11. Bd2 e6 12. Rc1 Ne8 13. Bg5 Qb6 14. Be3
Qd8 15. Qd2 f6 16. d5 exd5 17. exd5 Ne7 18. Bxa7 Ra8 19. Qe3 Nf5 20. Bxf5 Bxf5
21. Nfd4 Rxa7 22. Nxf5 gxf5 23. Qxa7 Rf7 24. Nd4 Re7 25. Nxf5 Rd7 26. Qe3 Kf8
27. Nd4 Nc7 28. Rxc7 1-0

[Event "9ème Open International de Rouen"]
[Site "Hôtel de Région - 76000 Rouen"]
[Date "2016.12.17"]
[Round "1.11"]
[White "Ginovart, Camille"]
[Black "Le Bourhis, Dominique"]
[Result "0-1"]
[WhiteElo "1567"]
[BlackElo "2065"]
[PlyCount "36"]
[EventDate "2016.??.??"]

1. e4 c5 2. c3 d5 3. exd5 Qxd5 4. d4 Nc6 5. Nf3 e6 6. Nbd2 cxd4 7. Bc4 Qd8
8. cxd4 Nxd4 9. O-O Nc6 10. Qa4 Bd7 11. Ne4 Qc7 12. Qc2 h6 13. Be3 Be7 14. Nc5
Nb4 15. Nxe6 Bxe6 16. Bb5+ Nc6 17. Ne5 Rc8 18. Rac1 Qxe5 0-1

[Event "9ème Open International de Rouen"]
[Site "Hôtel de Région - 76000 Rouen"]
[Date "2016.12.17"]
[Round "1.12"]
[White "Garcia, Adrien"]
[Black "Bat, Bilguun"]
[Result "1-0"]
[WhiteElo "2011"]
[BlackElo "1563"]
[PlyCount "77"]
[EventDate "2016.??.??"]

1. Nc3 Nf6 2. e4 c5 3. e5 Ng8 4. g3 Nc6 5. Nf3 g6 6. Bg2 Bg7 7. Qe2 e6 8. Nb5
Nge7 9. Nd6+ Kf8 10. c3 a6 11. O-O Qc7 12. d4 cxd4 13. cxd4 Nf5 14. Nxf5 exf5
15. Bf4 Qb6 16. d5 Nd4 17. Nxd4 Qxd4 18. Rfd1 Qb6 19. Rac1 h6 20. Qc2 Kg8
21. Be3 Qd8 22. f4 d6 23. Bd4 dxe5 24. fxe5 Bd7 25. Qc7 Qc8 26. Qxc8+ Rxc8
27. Rxc8+ Bxc8 28. Rc1 Kh7 29. Rc7 Re8 30. Rxf7 Kg8 31. Rc7 b5 32. d6 Rd8
33. Bd5+ Kh8 34. Rxg7 Kxg7 35. e6+ Kh7 36. e7 Rxd6 37. Bg8+ Kxg8 38. e8=Q+ Kh7
39. Qh8# 1-0

[Event "9ème Open International de Rouen"]
[Site "Hôtel de Région - 76000 Rouen"]
[Date "2016.12.17"]
[Round "1.13"]
[White "Lefebvre, Willy"]
[Black "Daniel, Antoine"]
[Result "0-1"]
[WhiteElo "1527"]
[BlackElo "1983"]
[PlyCount "104"]
[EventDate "2016.??.??"]

1. e4 Nf6 2. e5 Nd5 3. d4 d6 4. c4 Nb6 5. exd6 cxd6 6. Be2 Nc6 7. Nf3 g6
8. Nc3 Bg7 9. Be3 O-O 10. O-O Bf5 11. Rc1 a5 12. a3 a4 13. b4 axb3 14. Qxb3 Na5
15. Qb5 Bd7 16. Qb4 Bg4 17. Nd2 Nc6 18. Qb3 Bxe2 19. Nxe2 Ra6 20. Rb1 Qa8
21. c5 dxc5 22. dxc5 Na5 23. Qa2 Nd7 24. Rfc1 Ne5 25. Nf4 Ng4 26. Nd5 Re6
27. Nc7 Qb8 28. Bf4 Rf6 29. Bg3 e5 30. Nd5 Ra6 31. h3 Nh6 32. Ne4 Nf5 33. Ndf6+
Bxf6 34. Nxf6+ Rxf6 35. Bh2 Nd4 36. Re1 Nac6 37. Qd5 Re6 38. f4 Rd8 39. Qe4 f5
40. Qe3 Nc2 41. Qb3 N6d4 42. Qxb7 Qxb7 43. Rxb7 Nxe1 44. fxe5 Nd3 45. Rc7 Rb8
46. g4 f4 47. Rd7 f3 48. Bg3 Rb1+ 49. Kh2 Rb2+ 50. Kh1 Ne2 51. Rxd3 Nxg3+
52. Kg1 Rg2# 0-1

[Event "9ème Open International de Rouen"]
[Site "Hôtel de Région - 76000 Rouen"]
[Date "2016.12.17"]
[Round "1.14"]
[White "Blondel, Jerome"]
[Black "Cassiau, Kevin"]
[Result "1-0"]
[WhiteElo "1963"]
[BlackElo "1509"]
[PlyCount "43"]
[EventDate "2016.??.??"]

1. c4 c5 2. Nc3 Nc6 3. Nf3 Nf6 4. g3 g6 5. Bg2 Bg7 6. d4 cxd4 7. Nxd4 O-O
8. O-O Qb6 9. Nb3 d6 10. Be3 Qc7 11. Rc1 Ng4 12. Bd2 Be6 13. Nd5 Qd7 14. Bc3
Rfd8 15. Bxg7 Kxg7 16. Nf4 Rac8 17. Nd4 Nf6 18. Ndxe6+ fxe6 19. Bh3 Qe8
20. Nxe6+ Kh8 21. Nxd8 Rxd8 22. Bg2 1-0

[Event "9ème Open International de Rouen"]
[Site "Hôtel de Région - 76000 Rouen"]
[Date "2016.12.17"]
[Round "1.15"]
[White "Madon, Francis"]
[Black "Ruch, Bernard"]
[Result "0-1"]
[WhiteElo "1495"]
[BlackElo "1934"]
[PlyCount "110"]
[EventDate "2016.??.??"]

1. e4 e6 2. d4 d5 3. Nc3 Nf6 4. e5 Nfd7 5. f4 c5 6. Nf3 Nc6 7. Be3 cxd4
8. Nxd4 Bc5 9. Nxc6 bxc6 10. Bxc5 Nxc5 11. b4 Nd7 12. Qd4 O-O 13. Bd3 a5 14. b5
c5 15. Qf2 a4 16. O-O Qa5 17. Qe1 Qb6 18. Kh1 c4 19. Be2 Bb7 20. Bf3 f5 21. Ne2
Ra5 22. Nd4 Rfa8 23. c3 Nc5 24. Qh4 Re8 25. g4 fxg4 26. Qxg4 Nd3 27. Qg3 Rf8
28. Bg4 Nc5 29. Bf3 Raa8 30. Rg1 Qc7 31. Bg4 Rae8 32. Bh5 Re7 33. Raf1 Ne4
34. Qe3 Qa5 35. Rc1 Nc5 36. Rcf1 Nd3 37. Qd2 Qb6 38. Bd1 a3 39. Bc2 Nc5 40. Qg2
Ne4 41. Rf3 Ref7 42. h4 Nxc3 43. Rg3 Qc7 44. Nxe6 d4 45. Nxc7 Bxg2+ 46. R1xg2
Rxc7 47. Rxc3 dxc3 48. f5 Rd8 49. f6 Rd2 50. e6 Rxg2 51. e7 Re2 52. b6 Rb7
53. Ba4 gxf6 54. e8=Q+ Rxe8 55. Bxe8 c2 0-1

[Event "9ème Open International de Rouen"]
[Site "Hôtel de Région - 76000 Rouen"]
[Date "2016.12.17"]
[Round "1.17"]
[White "Zinoun, Said"]
[Black "Hameau, Cyril"]
[Result "0-1"]
[WhiteElo "1458"]
[BlackElo "1879"]
[PlyCount "46"]
[EventDate "2016.??.??"]

1. e4 Nf6 2. Nc3 d5 3. exd5 Nxd5 4. Nxd5 Qxd5 5. d4 Nc6 6. Be3 Bf5 7. c3 O-O-O
8. c4 Qa5+ 9. Bd2 Qb6 10. Nf3 Nxd4 11. Nxd4 Rxd4 12. Qf3 e6 13. a3 Rxd2 14. Be2
h5 15. h3 g5 16. Qc3 Qxb2 17. Qxd2 Qxa1+ 18. Bd1 Be7 19. O-O Rd8 20. Qa5 Rxd1
21. Rxd1 Qxd1+ 22. Kh2 Bd6+ 23. g3 Be4 0-1

[Event "9ème Open International de Rouen"]
[Site "Hôtel de Région - 76000 Rouen"]
[Date "2016.12.17"]
[Round "1.18"]
[White "Bordais, Dominique"]
[Black "Rocher, Elian"]
[Result "1-0"]
[WhiteElo "1876"]
[BlackElo "1450"]
[PlyCount "57"]
[EventDate "2016.??.??"]

1. e4 e5 2. Nf3 Nc6 3. Bc4 Bc5 4. c3 Nf6 5. d4 exd4 6. e5 d5 7. Bb5 Ne4
8. cxd4 Bb4+ 9. Nbd2 O-O 10. Bxc6 bxc6 11. O-O Ba6 12. Re1 Qc8 13. Re3 Qg4
14. h3 Qh5 15. Nxe4 dxe4 16. Rxe4 Be7 17. Rg4 Bc8 18. Rg3 Bh4 19. Qc2 Bxg3
20. fxg3 Qg6 21. Qf2 f6 22. Bf4 fxe5 23. dxe5 Be6 24. b3 a5 25. Rc1 Qe4 26. Ng5
Qd5 27. Qc2 Qd4+ 28. Kh2 Bd5 29. Qxh7# 1-0

[Event "9ème Open International de Rouen"]
[Site "Hôtel de Région - 76000 Rouen"]
[Date "2016.12.17"]
[Round "1.19"]
[White "Benassis, Nicola-Henri"]
[Black "Javor, Besim"]
[Result "0-1"]
[WhiteElo "1448"]
[BlackElo "1873"]
[PlyCount "92"]
[EventDate "2016.??.??"]

1. e4 e5 2. Nf3 Nc6 3. Bb5 Bc5 4. O-O Nd4 5. Nxd4 Bxd4 6. c3 Bb6 7. d4 c6
8. Ba4 Qe7 9. Bb3 d6 10. Kh1 Nf6 11. Qd3 h6 12. Nd2 Be6 13. Bxe6 Qxe6 14. Nf3
O-O-O 15. Re1 g5 16. b4 Ng4 17. Re2 Rhf8 18. a4 f5 19. a5 Bc7 20. h3 fxe4
21. Qxe4 Nf6 22. Qd3 e4 23. Qc2 d5 24. Ba3 Rf7 25. Nd2 a6 26. c4 Qd6 27. g3 Qe6
28. cxd5 Qxh3+ 29. Kg1 cxd5 30. Nf1 Qd7 31. Kg2 Ne8 32. Qc5 Kb8 33. Rb2 Qb5
34. Rc1 Nd6 35. Rbc2 Qxc5 36. bxc5 Nb5 37. Bb4 Nxd4 38. Rd2 Nc6 39. Bc3 d4
40. Bb2 Bxa5 41. Rdd1 h5 42. Rc4 Rfd7 43. Bc1 Rd5 44. Bb2 Bb4 45. Nd2 e3
46. fxe3 dxe3 0-1

[Event "9ème Open International de Rouen"]
[Site "Hôtel de Région - 76000 Rouen"]
[Date "2016.12.17"]
[Round "1.20"]
[White "Mignot, Enzo"]
[Black "Ferreira, Loic"]
[Result "1-0"]
[WhiteElo "1869"]
[BlackElo "1441"]
[PlyCount "60"]
[EventDate "2016.??.??"]

1. d4 d5 2. Nf3 e6 3. Bf4 Nf6 4. e3 c5 5. c4 Nc6 6. Nc3 cxd4 7. exd4 dxc4
8. Bxc4 Be7 9. O-O O-O 10. d5 exd5 11. Nxd5 Nxd5 12. Bxd5 Nb4 13. Be4 Bf6
14. Qb3 Qb6 15. Be3 Be6 16. Bxb6 Bxb3 17. Bc5 Bd5 18. Bxf8 Kxf8 19. Bxd5 Nxd5
20. Rad1 Nb4 21. a3 Nc6 22. Rd2 g6 23. Re1 Na5 24. Rc2 a6 25. Rd1 b5 26. Rd7
Nc4 27. b3 Nxa3 28. Rcc7 Rd8 29. Rxf7+ Ke8 30. Kf1 Ba1 1-0

[Event "9ème Open International de Rouen"]
[Site "Hôtel de Région - 76000 Rouen"]
[Date "2016.12.17"]
[Round "1.21"]
[White "Coquelin, Jonathan"]
[Black "Leduc, Jean-Philippe"]
[Result "1/2-1/2"]
[WhiteElo "1439"]
[BlackElo "1850"]
[PlyCount "87"]
[EventDate "2016.??.??"]

1. d4 Nf6 2. c4 c5 3. d5 b5 4. a3 g6 5. Nc3 Bg7 6. Nf3 bxc4 7. e4 d6 8. Bxc4
O-O 9. O-O Nbd7 10. Qc2 Nb6 11. Nd2 Rb8 12. Rb1 Nxc4 13. Nxc4 Nd7 14. Re1 Ne5
15. Nxe5 Bxe5 16. f4 Bd4+ 17. Be3 e5 18. f5 Qg5 19. Qf2 Qf6 20. g4 h6 21. Kh1
Kg7 22. Qf1 Qh4 23. Qg2 Ba6 24. Rbd1 Rb3 25. Bxd4 cxd4 26. Na2 Re3 27. Rxe3
dxe3 28. Nc3 Rc8 29. Qg3 Qxg3 30. hxg3 Rb8 31. Re1 Rxb2 32. Rxe3 Kf6 33. Na4
Re2 34. Rxe2 Bxe2 35. Nc3 Bd3 36. Kg2 a6 37. Kf2 Kg5 38. Ke3 Bc4 39. Kf3 Kf6
40. Na4 Bb3 41. Nb6 Ke7 42. Ke2 Kd8 43. Kd3 Kc7 44. Nc4 1/2-1/2

[Event "9ème Open International de Rouen"]
[Site "Hôtel de Région - 76000 Rouen"]
[Date "2016.12.17"]
[Round "1.22"]
[White "Leleu, Andre"]
[Black "Pineau, Patrick"]
[Result "1-0"]
[WhiteElo "1848"]
[BlackElo "1433"]
[PlyCount "101"]
[EventDate "2016.??.??"]

1. c4 e5 2. Nc3 Nf6 3. Nf3 Nc6 4. a3 d6 5. g3 Bg4 6. Bg2 Be7 7. O-O O-O 8. h3
Be6 9. d3 Qd7 10. Ng5 Ne8 11. Nxe6 fxe6 12. b4 a6 13. Rb1 Rb8 14. b5 axb5
15. Rxb5 b6 16. a4 Nf6 17. Ba3 Nd4 18. Rb1 c5 19. e3 Nc6 20. Qb3 h6 21. Rb2 Nh7
22. Qb5 Rfc8 23. Rfb1 Bd8 24. Qb3 Na5 25. Qd1 Nc6 26. Qf3 Ng5 27. Qg4 Ne7
28. h4 Nh7 29. a5 Nf6 30. Qh3 Nf5 31. Qh1 Qf7 32. axb6 Ng4 33. b7 Rc7 34. Nb5
Rd7 35. Na7 Bb6 36. Nc8 Rbxb7 37. Bxb7 Rxb7 38. Qf3 h5 39. Rxb6 Rd7 40. Rb7 d5
41. Rxd7 Qxd7 42. Nb6 Qa7 43. Bxc5 Qa5 44. Nd7 Qd2 45. Rb8+ Kh7 46. Nf8+ Kh6
47. Nxe6 Qe1+ 48. Kg2 Kg6 49. Nf8+ Kh6 50. Rb6+ Nf6 51. Qxf5 1-0

[Event "9ème Open International de Rouen"]
[Site "Hôtel de Région - 76000 Rouen"]
[Date "2016.12.17"]
[Round "1.23"]
[White "Deschuyteneer, Lucien"]
[Black "Veniat, Nicolas"]
[Result "0-1"]
[WhiteElo "1399"]
[BlackElo "1847"]
[PlyCount "42"]
[EventDate "2016.??.??"]

1. e4 d5 2. exd5 Nf6 3. Nc3 Nxd5 4. Nxd5 Qxd5 5. Nf3 Bg4 6. Be2 Nc6 7. a3 e5
8. d3 Bd6 9. O-O O-O 10. h3 Bh5 11. Re1 Rad8 12. Bd2 Rfe8 13. Bc3 e4 14. dxe4
Qxe4 15. Qb1 Qf4 16. Qc1 Qf5 17. g4 Bxg4 18. hxg4 Qxg4+ 19. Kh1 Qh3+ 20. Kg1
Re6 21. Ng5 Qh2+ 0-1

[Event "9ème Open International de Rouen"]
[Site "Hôtel de Région - 76000 Rouen"]
[Date "2016.12.17"]
[Round "1.24"]
[White "Delaruelle, Christian"]
[Black "Lormier, Vincent"]
[Result "1-0"]
[WhiteElo "1840"]
[BlackElo "1399"]
[PlyCount "149"]
[EventDate "2016.??.??"]

1. e4 Nf6 2. Nc3 d5 3. exd5 Nxd5 4. Bc4 Nb6 5. Bb3 c5 6. Nf3 c4 7. Ba4+ Nxa4
8. Nxa4 Nc6 9. d4 Bf5 10. O-O e6 11. Nc3 Nb4 12. Bf4 Bxc2 13. Qd2 Bd3 14. Rfc1
Nd5 15. Ne5 Be7 16. Nxd3 cxd3 17. Nxd5 Qxd5 18. Qxd3 Bd6 19. Bxd6 Qxd6 20. Qb5+
Qd7 21. Qc5 b6 22. Qb4 Rc8 23. Rd1 Qe7 24. Qa4+ Qd7 25. Qa3 Qe7 26. Qe3 Rd8
27. Rd2 Rd5 28. Re1 O-O 29. Qb3 Qd7 30. Red1 Rd8 31. f4 Qe7 32. g3 R8d6 33. Kf2
Qd7 34. Ke3 g6 35. Qc3 Rc6 36. Qb3 Rcd6 37. Rd3 Kg7 38. R1d2 f6 39. Qd1 Kf7
40. g4 f5 41. g5 Qe7 42. Qe1 Qd7 43. Qh4 Kg8 44. Qh6 Qg7 45. Qxg7+ Kxg7 46. Rc2
Rd7 47. Rc6 Kf7 48. h4 Ke8 49. Rc8+ Rd8 50. Rxd8+ Kxd8 51. Rd2 Rd7 52. h5 Ke8
53. hxg6 hxg6 54. Rh2 Rg7 55. Rh8+ Kd7 56. Kd3 b5 57. d5 exd5 58. Kd4 Re7
59. Kxd5 Kc7 60. Rg8 Rd7+ 61. Kc5 Rd6 62. Rg7+ Rd7 63. Rxg6 Rd2 64. Rg7+ Kb8
65. b4 Rxa2 66. Kxb5 Rc2 67. Rg8+ Kb7 68. g6 a6+ 69. Ka4 Rg2 70. g7 Rg4 71. Kb3
Rg3+ 72. Kc4 Rg6 73. Kd5 Kc7 74. Ke5 Kd7 75. Kxf5 1-0

[Event "9ème Open International de Rouen"]
[Site "Hôtel de Région - 76000 Rouen"]
[Date "2016.12.17"]
[Round "1.25"]
[White "Vasset, Francois"]
[Black "Andrieu, Philippe"]
[Result "0-1"]
[WhiteElo "1399"]
[BlackElo "1831"]
[PlyCount "80"]
[EventDate "2016.??.??"]

1. e4 c5 2. Nc3 e6 3. f4 Nc6 4. Nf3 Nge7 5. d4 cxd4 6. Nxd4 Nxd4 7. Qxd4 Nc6
8. Qf2 Bb4 9. Bd2 a6 10. Bd3 O-O 11. h4 e5 12. f5 Bxc3 13. bxc3 d5 14. Qg3 f6
15. h5 Ne7 16. h6 g6 17. O-O dxe4 18. Bc4+ Kh8 19. fxg6 Nxg6 20. Be3 b5
21. Rad1 Qc7 22. Bd5 Rb8 23. Bxe4 f5 24. Bd3 Be6 25. Qg5 Qd8 26. Qh5 Qh4
27. Qxh4 Nxh4 28. Bg5 Ng6 29. a3 Rbc8 30. c4 e4 31. Be2 Bxc4 32. Bxc4 Rxc4
33. Rd6 Kg8 34. Rfd1 Ne5 35. Bf6 Nc6 36. Bg7 Re8 37. c3 e3 38. g3 a5 39. Rf6
Rc5 40. Kf1 e2+ 0-1

[Event "9ème Open International de Rouen"]
[Site "Hôtel de Région - 76000 Rouen"]
[Date "2016.12.17"]
[Round "1.26"]
[White "Fontaine, Olivier"]
[Black "Cernettig, Michel"]
[Result "1-0"]
[WhiteElo "1826"]
[BlackElo "1398"]
[PlyCount "130"]
[EventDate "2016.??.??"]

1. d4 Nf6 2. c4 e6 3. Nf3 b6 4. g3 Bb7 5. Bg2 Bb4+ 6. Nbd2 O-O 7. O-O d5 8. a3
Be7 9. Qc2 c6 10. Rd1 Nbd7 11. b4 b5 12. c5 a5 13. Bb2 axb4 14. axb4 Qc7
15. Nb3 Rxa1 16. Rxa1 Nb8 17. Ra7 Na6 18. Na5 Rb8 19. Ne5 Qc8 20. Rxa6 Bxa6
21. Nexc6 Rb7 22. Nxb7 Qxc6 23. Na5 Qc8 24. f3 Bd8 25. Nb3 Bb7 26. Nc1 Nd7
27. Nd3 Nb6 28. Bc1 Nc4 29. Nb2 Bf6 30. Nxc4 dxc4 31. e3 Qa8 32. f4 Bxg2
33. Qxg2 Qxg2+ 34. Kxg2 Be7 35. e4 Bf6 36. d5 exd5 37. exd5 Kf8 38. Kf3 Ke7
39. Ke4 Bc3 40. Ba3 Bd2 41. d6+ Kd7 42. h3 Kc6 43. g4 c3 44. Kd3 Bxf4 45. Kxc3
Bg3 46. Bc1 g6 47. Bd2 Kd5 48. d7 Be5+ 49. Kd3 Bf6 50. h4 Kc6 51. Bg5 Bxg5
52. hxg5 Kxd7 53. Kd4 Kd8 54. Ke5 Ke7 55. c6 Ke8 56. Kf6 Kd8 57. Kxf7 Kc7
58. Kg7 Kxc6 59. Kxh7 Kd5 60. Kxg6 Kc4 61. Kf5 Kxb4 62. g6 Ka3 63. g7 b4
64. g8=Q b3 65. Qxb3+ Kxb3 1-0

[Event "9ème Open International de Rouen"]
[Site "Hôtel de Région - 76000 Rouen"]
[Date "2016.12.17"]
[Round "1.27"]
[White "Bailly, Yannick"]
[Black "Naji, Nil"]
[Result "0-1"]
[WhiteElo "1396"]
[BlackElo "1825"]
[PlyCount "68"]
[EventDate "2016.??.??"]

1. Nf3 e6 2. d4 f5 3. c4 Nf6 4. Nc3 Bb4 5. Bg5 h6 6. Bd2 O-O 7. e3 b6 8. a3
Be7 9. Be2 d6 10. b4 Nbd7 11. Qb3 c5 12. bxc5 bxc5 13. Qc2 Rb8 14. O-O Bb7
15. Ne1 Ne4 16. f4 Nxd2 17. Qxd2 Bf6 18. Nf3 cxd4 19. exd4 Be4 20. Bd3 Bxf3
21. Rxf3 Bxd4+ 22. Kf1 Qf6 23. Rc1 Nc5 24. Bc2 Nb3 25. Bxb3 Rxb3 26. Rd3 Bxc3
27. Rcxc3 Rb1+ 28. Ke2 Rfb8 29. Ke3 R8b2 30. Rc2 Rxc2 31. Qxc2 Rb2 32. Qa4 Qh4
33. Qe8+ Kh7 34. Rd2 Qe1+ 0-1

[Event "9ème Open International de Rouen"]
[Site "Hôtel de Région - 76000 Rouen"]
[Date "2016.12.17"]
[Round "1.28"]
[White "Pinchon, Henri"]
[Black "Dionisi, Michel"]
[Result "1-0"]
[WhiteElo "1819"]
[BlackElo "1390"]
[PlyCount "83"]
[EventDate "2016.??.??"]

1. e4 d6 2. d4 Nf6 3. Nc3 g6 4. Be2 Bg7 5. Nf3 O-O 6. O-O Nbd7 7. h3 c5 8. Be3
Qc7 9. Re1 Re8 10. Rb1 a6 11. a4 cxd4 12. Bxd4 Nc5 13. e5 Nfd7 14. exd6 Qxd6
15. Bxg7 Qxd1 16. Rbxd1 Kxg7 17. b3 Nf6 18. Bc4 Bf5 19. Nd4 e6 20. Nxf5+ gxf5
21. f3 Rac8 22. Kf2 Rc7 23. Rd2 h5 24. Red1 Ncd7 25. Na2 Rec8 26. Bd3 Ne5
27. c4 Ned7 28. Be2 Kh6 29. Rd4 Ne5 30. R1d2 Ng6 31. g3 Rc6 32. Rd6 f4 33. g4
hxg4 34. hxg4 Rxd6 35. Rxd6 Kg5 36. Nc3 Rh8 37. Rb6 Rb8 38. c5 Ne5 39. Bxa6
Nd3+ 40. Bxd3 Rd8 41. Rd6 Rh8 42. Ne4+ 1-0

[Event "9ème Open International de Rouen"]
[Site "Hôtel de Région - 76000 Rouen"]
[Date "2016.12.17"]
[Round "1.29"]
[White "Blondel, Jean-Michel"]
[Black "Mergen, Bat"]
[Result "0-1"]
[WhiteElo "1369"]
[BlackElo "1802"]
[PlyCount "52"]
[EventDate "2016.??.??"]

1. e4 c5 2. Nf3 d6 3. Be2 Nf6 4. Nc3 a6 5. d4 cxd4 6. Nxd4 e5 7. Nf3 Be7
8. O-O h6 9. Re1 Be6 10. Bf1 Nbd7 11. Nd5 Nxd5 12. exd5 Bf5 13. Bd3 Bxd3
14. Qxd3 O-O 15. c4 f5 16. Qd1 b5 17. b3 bxc4 18. bxc4 Qc7 19. Qc2 Rac8 20. Nd2
Nb6 21. Ba3 Nxd5 22. Qa4 Nf4 23. Re3 Qc6 24. Qxc6 Rxc6 25. c5 dxc5 26. Rxe5 Bf6
0-1